Tabellenendstand der Bundesligasaison 2003/04 - Statistiken

Allgemein
  • Dieses Quiz wurde 55 mal gespielt
  • Das Durchschnittsergebnis liegt bei 7 aus 18
Antwortstatistiken
Platz Punkte Mannschaft % Korrekt
1 74 Bremen
98%
2 68 Bayern München
79%
3 65 Leverkusen
50%
7 50 Schalke
48%
4 64 Stuttgart
45%
6 55 Dortmund
43%
8 49 HSV
43%
16 32 Frankfurt
36%
17 32 1860 München
33%
5 56 Bochum
33%
18 23 Köln
33%
15 36 Kaiserslautern
31%
10 42 Wolfsburg
31%
12 39 Hertha
29%
14 37 Hannover
24%
9 44 Rostock
21%
11 39 Mönchengladbach
19%
13 38 Freiburg
17%
Keine übereinstimmenden Quizze gefunden
Verteilung der Resultate
Anzahl Personen mit jedem Resultat
Perzentil nach korrekt beantworteten Fragen
Ihre Resultats-Entwicklung
Sie haben dieses Quiz noch nicht gespielt